Famosi primi nella storia #2 - Statistics

Statistiche generali
  • Questo quiz è stato fatto 170 volte
  • Il punteggio medio è 9 su 15
Statistiche sulle risposte
DOMANDA RISPOSTA % Corretto
Lettera greca Alpha/Alfa
97%
Uomo a camminare sulla Luna Armstrong
96%
Uomo nella Bibbia Adamo
91%
Presidente USA Washington
89%
Libro della Bibbia Genesi
85%
Papa Pietro
83%
Imperatore romano Ottaviano/Augusto
80%
Città a raggiungere un milione di abitanti Roma
58%
Persona nello spazio Gagarin
49%
Prima ministra inglese Thatcher
46%
Satellite artificiale nello spazio Sputnik
36%
Attore a impersonificare James Bond Connery
32%
Europeo a navigare verso l'India Vasco da Gama/Da/Gama
32%
Europeo a scoprire le Hawaii Cook
25%
Persona a raggiungere il Polo Sud Amundsen
13%
Nessun quiz corrispondente trovato
Distribuzione punteggi
Percentuale di utenti per punteggio
Percentile per numero di risposta
I tuoi punteggi nel tempo
Non hai fatto questo quiz